000 nam a22 a 4500
999 _c57248
_d57248
003 BLK
005 20230228164921.0
008 180408b bul|||||r ||||||| ||bul||
010 _aKNG00061243000
040 _aBLK
041 _aBUL
_cBUL
080 _aХистология на човека - Микроскопски строеж на отделните тъкани : съединителна, хрущална и костна тъкан, кръв, мускулна, епителна и нервна тъкан. Вж и 576. 3 ; 616-091. 8
_b611-018
_x(075.8)
_z611-018(075.8)
080 _aЕмбриология - Полови клетки - развитие, оплождане. Експериментална ембриология. Вж и 612. 6
_b611-013
_x(075.8)
_z611-013(075.8)
100 1 _aПетков, Петко Емануилов
_eпърви автор
_9366683
139 _aОбща хистология и ембриология
_bО 25
245 1 0 _aОбща хистология и ембриология
_bУчебник за студенти по медицина и стоматология
_cПетко Емануилов Петков; ред. Петко Петков.
257 _aBGR
260 _aСофия
_bМедицина и физкултура
_c1992
_fПловдив : Полиграфия
300 _a216 с.
_bс ил., 32 л. ил.
_c25 см
380 _a61
500 _aСъдържа Предметен показалец.
650 4 _aХистология - учебници за ВУЗ
_9242738
650 4 _aЕмбриология - учебници за ВУЗ
_9242735
653 _aхистология
653 _aембриология
653 _aучебници за ВУЗ
700 1 _aПетков, Петко
_eред.
_9363350
852 _aЦб 169441
_bЦб
856 4 _qpdf
_i0.00
_ldisable
856 4 _qpdf
_i0.00
_ldisable
942 _cKNG
_n0
_01
_s1
944 _aCR
_c13.06.2004
_kЧиталня
944 _aED
_c01.09.2015
_kМилена_Ачева
999 _d57248
999 _d57248